Communications présentées au Congrès du centenaire de l'Institut d'Egypte (1859-1959).

محفوظ في:

مؤلفون مشاركون: Institut français d'archéologie orientale du Caire., Institut d'Egypte (1918- )

التنسيق: كتاب

اللغة: French

منشور في: Le Caire : Impr. de l'Institut français d'archéologie orientale, 1977.

الموضوعات:

الوسوم: إضافة وسم

لا توجد وسوم, كن أول من يضع وسما على هذه التسجيلة!

رقم الطلب: DT43 .I61 1977

LEADER 00902nam a2200229Ia 4500
003 OSt
005 20260316101953.0
008 211223s1977 ua a b 110 0 fre d
040 |c ARCE Library 
050 4 |a DT43 .I61 1977 
245 0 0 |a Communications présentées au Congrès du centenaire de l'Institut d'Egypte (1859-1959). 
246 1 5 |a Buḥūth muqaddamah li-Muʼtamar al-ʻId al-miʼawī lil-Majmaʻ al-ʻIlmī al-Miṣrī, 1859-1959. 
264 1 |a Le Caire :   |b Impr. de l'Institut français d'archéologie orientale,   |c 1977. 
300 |a 224, 183 pages :   |b illustrations ;   |c 24 cm. 
504 |a Includes bibliographical references.  
546 |a French, English, and Arabic. 
651 0 |a Egypt   |x Civillization   |v Congresses. 
710 2 |a Institut français d'archéologie orientale du Caire. 
710 2 |a Institut d'Egypte (1918- ) 
901 |a reviewed 
942 |2 lcc  |c BK 
999 |c 41332  |d 41332